Datum a čas kvízu

38 Celkem bodů Celkový počet nahraných bodů na tomto kvízu bez doplňovacích otázek.
2. Pořadí na kvízu Konečné umístění týmu na tomto kvízu.

Zaznamenané odpovědi

# Otázka Odpověď Body Výsledky
0. Citujeme z Libereckého zpravod... bobr 0
2. Odvolací soud ve středu potvrd... Nicolas Sarkozy 1
3. Desítky mužů a žen prošly v so... byli nazí 1
4. Staropramen minulý týden předs... Orlando Bloom 1
5. Který zápasník o víkendu poraz... Patrik Kincl 1
6. Ve třetím díle našeho cyklu si... zúčtování 1
7. Kriminální drama s prvky černé... Mia (Wallace), (Uma) Thurman 1
8. Kdo z níže uvedených označil f... C 1
9. Dalším v pořadí je první díl J... Liv Tyler, Aerosmith 1
10. Patnáctku nejlepších filmů uza... Nový Zéland 1